000 02159nam a2200325 a 4500
003 CHAP
005 20240626102144.0
007 ta
008 240415t2018 ii d|||fr|||| 001 0 eng d
020 _a978-93-8742-66-9
_q(pasta dura)
040 _aZ
_cCHAP
_erda
041 0 _bInglés
_fInglés
082 0 0 _a591.51
_bE94 2018
_220
100 1 _9188944
_aEyeson, S. R.
_eautor
245 1 0 _aEssential of animal behaviour /
_cS. R. Eyeson
264 1 _aNew Delhi, India :
_bAgri Horti Press,
_c© 2018
300 _av, 296 páginas:
_bgráficas
336 _2rdacontent
_atexto
_btxt
337 _2rdamedia
_asin medio
_bn
338 _2rdacarrier
_avolumen
_bnc
500 _aej.1: consumo
504 _aBibliografía: 292 - 293
505 0 _a1. Ecology of animal behaviour.-- 2. Development of physical structure.-- 3. Absorption and assimilation in animals.-- 4. Communciation system of animals.-- 5. Behavioural studies in zoo conservation.-- 6. Behavioural issues involved in birds.-- 7. Behaviour of vertebrates.-- 8. Methods for evaluating habitat selection. 9. Evolution of mammalian sociality.-- 10. Declining amphibian population.-- 11. Environments with and without large carnivores.-- 12. Behavioural ecology of hunters.
520 _aAnimal behaviour is the scientific study of everything animals do, whether the animals are single-celled organisms, invertebrates, fish, amphibians, reptiles, birds, or mammals. It involves investigating the relationship of animals to their physical environment as well as to other organisms, and includes such topics as how animals find and defend resources, avoid predators, choose mates and reproduce, and care for their young. This book provides a broad overview of the current state of animal behaviour for undergraduate and postgraduate courses in zoology, veterinary science and other allied fields. It provides all the basic concepts and latest information on animal behaviour.
534 _pTítulo original:
650 1 3 _9134384
_aConducta animal
_xHabitos y comportamientos
650 1 3 _926208
_aComunicación animal
650 1 7 _935170
_aEcología animal
_xInvestigaciónes
942 _2ddc
_cLIBRO
999 _c219850
_d219850